[Event "GRE-chT Cup"]
[Site "Athens"]
[Date "2006.10.01"]
[Round "5.4"]
[White "Kalesis, Nikolaos"]
[Black "Banikas, Hristos"]
[Result "1/2-1/2"]
[WhiteElo "2447"]
[BlackElo "2568"]
[PlyCount "86"]
[EventDate "2006.09.30"]
[EventType "team"]
[EventRounds "5"]
[EventCountry "GRE"]
[SourceTitle "CBM 114 Extra"]
[Source "ChessBase"]
[SourceDate "2006.11.03"]
[SourceVersion "1"]
[SourceVersionDate "2006.11.03"]
[SourceQuality "1"]
[WhiteTeam "Athens"]
[BlackTeam "Khania Kydon"]
[WhiteTeamCountry "GRE"]
[BlackTeamCountry "GRE"]

1. d4 Nf6 2. c4 g6 3. Nc3 Bg7 4. Nf3 0-0 5. Bf4 d6 6. e3 Nfd7 7. h3 e5 8. Bh2 Kh8 9. Be2 f5 10. 0-0 Nc6 11. a3 a5 12. Rb1 g5 13. b4 axb4 14. axb4 g4 15. hxg4 fxg4 16. Nd2 exd4 17. exd4 Nxd4 18. Bxg4 Ne5 19. Bxc8 Rxc8 20. f4 Ng6 21. Nde4 Nf5 22. Qh5 Qh4 23. Qxh4 Ngxh4 24. Nb5 Rce8 25. Rfe1 Re7 26. Ng5 Rfe8 27. Rxe7 Rxe7 28. g3 Ng6 29. g4 Nd4 30. f5 Nh4 31. Nxd4 Bxd4+ 32. Kf1 Bf6 33. Ne6 h5 34. g5 Nxf5 35. Nf4 Bxg5 36. Ng6+ Kg7 37. Nxe7 Bxe7 38. c5 Kf6 39. cxd6 Bxd6 40. Bxd6 Nxd6 41. Ke2 Ke6 42. Ke3 Kd5 43. Kd3 b6 1/2-1/2

[Event "Athens Acropolis op"]
[Site "Athens"]
[Date "2006.08.20"]
[Round "8"]
[White "Kalesis, Nikolaos"]
[Black "Dounis, Alexandros"]
[Result "1-0"]
[WhiteElo "2435"]
[BlackElo "2152"]
[PlyCount "83"]
[EventDate "2006.08.13"]
[EventType "swiss"]
[EventRounds "9"]
[EventCountry "GRE"]
[SourceTitle "CBM 113 Extra"]
[Source "ChessBase"]
[SourceDate "2006.09.14"]
[SourceVersion "1"]
[SourceVersionDate "2006.09.14"]
[SourceQuality "1"]

1. d4 Nf6 2. c4 g6 3. Nc3 d5 4. Nf3 Bg7 5. Bg5 dxc4 6. e4 c5 7. d5 b5 8. e5 b4 9. exf6 exf6 10. Bd2 bxc3 11. Bxc3 0-0 12. Bxc4 Re8+ 13. Kf1 Qd6 14. Qa4 Nd7 15. Qc6 Qxc6 16. dxc6 Nb8 17. Bb5 Re6 18. Re1 a6 19. Ba4 a5 20. Rxe6 Bxe6 21. Ke2 Bc4+ 22. Ke3 Ra7 23. Kf4 Bd5 24. Rd1 Bh6+ 25. Kg3 Bxc6 26. Rd8+ Bf8 27. Rxb8 Bxa4 28. Bxf6 Bc6 29. Ne5 Ra8 30. Nxc6 Rxb8 31. Nxb8 Bd6+ 32. Kf3 Bxb8 33. a4 Kf8 34. h3 Ke8 35. Ke4 Kd7 36. Kd5 Ba7 37. f3 Bb6 38. b3 Kc7 39. Be7 c4 40. bxc4 Be3 41. c5 Bd2 42. Bd6+ 1-0

[Event "Athens Acropolis op"]
[Site "Athens"]
[Date "2006.08.13"]
[Round "1"]
[White "Kalesis, Nikolaos"]
[Black "Koliopoulos, Konstantinos"]
[Result "1-0"]
[WhiteElo "2435"]
[BlackElo "2204"]
[PlyCount "95"]
[EventDate "2006.08.13"]
[EventType "swiss"]
[EventRounds "9"]
[EventCountry "GRE"]
[SourceTitle "CBM 113 Extra"]
[Source "ChessBase"]
[SourceDate "2006.09.14"]
[SourceVersion "1"]
[SourceVersionDate "2006.09.14"]
[SourceQuality "1"]

1. d4 Nf6 2. c4 g6 3. Nc3 Bg7 4. e4 d6 5. Nf3 0-0 6. Be2 e5 7. dxe5 dxe5 8. Qxd8 Rxd8 9. Nd5 Nxd5 10. cxd5 c6 11. Bc4 cxd5 12. Bxd5 Nd7 13. Bg5 Re8 14. Rc1 h6 15. Be3 Nf6 16. Bb3 Nxe4 17. Rc7 Be6 18. Bxe6 Rxe6 19. Rxb7 Ra6 20. a3 Nd6 21. Rb4 Nf5 22. 0-0 Nxe3 23. fxe3 Rb6 24. Rxb6 axb6 25. Rc1 e4 26. Nd4 Rd8 27. Rc4 Bxd4 28. exd4 Rd6 29. Kf2 f5 30. Ke3 Kf7 31. Rb4 Rc6 32. d5 Rc2 33. Rxb6 Rxg2 34. a4 Rxh2 35. a5 Rh3+ 36. Kf4 Rf3+ 37. Ke5 e3 38. Rb7+ Kg8 39. Kf6 e2 40. Re7 Rd3 41. Rxe2 Rxd5 42. Kxg6 Kf8 43. b4 Rb5 44. Ra2 Rxb4 45. a6 Rb8 46. Kf6 f4 47. a7 Ra8 48. Rb2 1-0

[Event "Nikaia op 14th"]
[Site "Nikaia"]
[Date "2006.08.??"]
[Round "1"]
[White "Kalesis, Nikolaos"]
[Black "Stratigopoulos, Sotirios"]
[Result "1-0"]
[WhiteElo "2435"]
[BlackElo "1500"]
[PlyCount "37"]
[EventDate "2006.08.??"]
[EventType "swiss"]
[EventRounds "9"]
[EventCountry "GRE"]
[SourceTitle "EXT 2008"]
[Source "ChessBase"]
[SourceDate "2007.11.25"]
[SourceVersion "1"]
[SourceVersionDate "2007.11.25"]
[SourceQuality "1"]

1. d4 Nf6 2. c4 e6 3. Nc3 Bb4 4. Qc2 d5 5. cxd5 exd5 6. Bg5 0-0 7. e3 c6 8. Bd3 h6 9. Bh4 Re8 10. Nge2 Nbd7 11. h3 Qc7 12. 0-0-0 Bxc3 13. Nxc3 b5 14. Nxb5 Qb6 15. Nd6 Re6 16. Nxc8 Rxc8 17. Bf5 Ree8 18. Bxf6 gxf6 19. Bxd7 1-0

[Event "Heraclion op 10th"]
[Site "Athens"]
[Date "2006.06.17"]
[Round "8"]
[White "Mastrokoukos, Georgios"]
[Black "Kalesis, Nikolaos"]
[Result "0-1"]
[WhiteElo "2324"]
[BlackElo "2435"]
[PlyCount "104"]
[EventDate "2006.06.10"]
[EventType "swiss"]
[EventRounds "9"]
[EventCountry "GRE"]
[SourceTitle "CBM 112 Extra"]
[Source "ChessBase"]
[SourceDate "2006.07.14"]
[SourceVersion "1"]
[SourceVersionDate "2006.07.14"]
[SourceQuality "1"]

1. d4 Nf6 2. Nf3 e6 3. e3 c5 4. Bd3 Be7 5. c3 b6 6. e4 cxd4 7. e5 Nd5 8. c4 Nb4 9. Be4 N4c6 10. Nxd4 Qc7 11. Nf3 Bb7 12. 0-0 Na6 13. Nc3 Nc5 14. Nb5 Qb8 15. Bc2 Nxe5 16. Nxe5 Qxe5 17. Re1 Qb8 18. Qg4 0-0 19. Bh6 Bf6 20. Qh3 g6 21. Bxf8 Qxf8 22. Rab1 a6 23. Nc3 Qg7 24. Nd1 a5 25. b3 Bd4 26. Qg3 e5 27. Nc3 f5 28. Nb5 Ne6 29. Rbd1 Bb2 30. Rb1 e4 31. Nc7 Be5 32. Nxe6 dxe6 33. Qg5 Bd4 34. Rbd1 e5 35. Qd2 Qe7 36. Qe2 Rf8 37. Rf1 Qh4 38. c5 bxc5 39. Qb5 Qe7 40. Qxa5 Ra8 41. Qb5 Rxa2 42. Qc4+ Qf7 43. Rxd4 cxd4 44. Qc5 Qd5 45. Qe7 Rxc2 46. Qe8+ Kg7 47. Qe7+ Qf7 48. Qxe5+ Qf6 49. Qb5 Ba6 50. Qd7+ Kh6 51. Ra1 d3 52. Rd1 Qb6 0-1